Theories of personality / (Record no. 1033)
[ view plain ]
| 000 -LEADER | |
|---|---|
| fixed length control field | 00605cam a2200193 4500 |
| 001 - CONTROL NUMBER | |
| control field | 1402 |
| 005 - DATE AND TIME OF LATEST TRANSACTION | |
| control field | 20181127163236.0 |
| 008 - FIXED-LENGTH DATA ELEMENTS--GENERAL INFORMATION | |
| fixed length control field | 970507s1998 caua b 001 0 eng |
| 010 ## - LIBRARY OF CONGRESS CONTROL NUMBER | |
| LC control number | 97015794 |
| 020 ## - INTERNATIONAL STANDARD BOOK NUMBER | |
| International Standard Book Number | 0534341195 (alk. paper) |
| 100 1# - MAIN ENTRY--PERSONAL NAME | |
| Personal name | Schultz, Duane P. |
| 245 10 - TITLE STATEMENT | |
| Title | Theories of personality / |
| Statement of responsibility, etc. | Duane Schultz, Sydney Ellen Schultz. |
| 250 ## - EDITION STATEMENT | |
| Edition statement | 6th ed. |
| 260 ## - PUBLICATION, DISTRIBUTION, ETC. | |
| Place of publication, distribution, etc. | Pacific Grove : |
| Name of publisher, distributor, etc. | Brooks/Cole Pub., |
| Date of publication, distribution, etc. | c1998. |
| 300 ## - PHYSICAL DESCRIPTION | |
| Extent | xiv, 530 p. : |
| Other physical details | ill. ; |
| Dimensions | 24 cm. |
| 504 ## - BIBLIOGRAPHY, ETC. NOTE | |
| Bibliography, etc. note | Includes bibliographical references (p. 479-507) and index. |
| 650 #0 - SUBJECT ADDED ENTRY--TOPICAL TERM | |
| Topical term or geographic name entry element | Personality. |
| 700 1# - ADDED ENTRY--PERSONAL NAME | |
| Personal name | Schultz, Sydney Ellen. |
| Withdrawn status | Lost status | Source of classification or shelving scheme | Damaged status | Not for loan | Collection code | Home library | Current library | Shelving location | Serial Enumeration / chronology | Inventory number | Total Checkouts | Full call number | Barcode | Date last seen | Price effective from | Koha item type |
|---|---|---|---|---|---|---|---|---|---|---|---|---|---|---|---|---|
| Dewey Decimal Classification | Main TEST | RTC Library | RTC Library | Main opac | 771 | 155.2 SCH | 30005085 | 27/11/2018 | 27/11/2018 | Main |